Liedtext - I need A Face - Alligatoah - Statistiken

Allgemein
  • Dieses Quiz wurde 29 mal gespielt
  • Das Durchschnittsergebnis liegt bei 289 aus 451
Antwortstatistiken
Antwort % Korrekt
a
100%
face
100%
I
100%
'ne
100%
need
100%
care
92%
Ich
92%
ich
92%
"Ich
92%
right
92%
da
83%
den
83%
du
83%
Gesicht
83%
Gesicht,
83%
hab
83%
Hab
83%
habe
83%
in
83%
In
83%
like
83%
looks
83%
now
83%
That
83%
to
83%
an
75%
das
75%
dead
75%
der
75%
die
75%
Die
75%
die,
75%
ein
75%
Ein
75%
für
75%
Für
75%
hide
75%
I'm
75%
inside
75%
inside,
75%
nice
75%
nicht
75%
so
75%
Something
75%
und
75%
Und
75%
wear
75%
"Wir
75%
als
67%
Als
67%
brauch
67%
Creating
67%
dem
67%
eine
67%
einen
67%
Gesichter
67%
haben
67%
hab'n,
67%
jeden,
67%
Lach
67%
lovely
67%
masks
67%
mehr
67%
mein
67%
Mein
67%
mit
67%
Mit
67%
sie
67%
zu
67%
alle
58%
aus
58%
bin
58%
Deine
58%
deine
58%
Eins
58%
eins
58%
es
58%
Fälle
58%
Freund
58%
geh
58%
gut
58%
ist
58%
man
58%
meine
58%
mich
58%
mir
58%
'nem
58%
oder
58%
raus
58%
von
58%
Von
58%
wenn
58%
Wenn
58%
wie
58%
wirklich
58%
zum
58%
anderen
50%
aussieht,
50%
bei
50%
belästigt
50%
Dingen
50%
Drohbrief
50%
Emojis
50%
erst
50%
erstickt
50%
gefurzt"
50%
geh'n
50%
guten
50%
Homies
50%
Hosentaschen
50%
irgendwas
50%
jetzt
50%
Jungs"
50%
Kampfgeist,
50%
Käsebrot
50%
kauft
50%
keiner
50%
Kopf
50%
Krankschreibung"
50%
ländlichen
50%
Liebe,
50%
Mache
50%
meinen
50%
Mitleid
50%
ob
50%
Potenzmittel
50%
Raum
50%
schreib
50%
Typ,
50%
ungewollte
50%
Vaterschaft
50%
verlieren
50%
Witz
50%
zugeschaltet
50%
Angesicht
42%
Arbeitsplatz
42%
Ausgesicht
42%
Aussehen
42%
geht
42%
gemeinten
42%
guckt
42%
Haltestelle
42%
hier
42%
immer
42%
Intimbereich
42%
jedem
42%
Kaktus
42%
Kindern
42%
klar
42%
Kochversuche
42%
Korallenriffen
42%
lachen
42%
lässt
42%
Mal
42%
malen
42%
neuen
42%
oben
42%
ohne
42%
Poker-Spieler,
42%
Reizverschluss
42%
sagt,
42%
sagt
42%
seinem
42%
sicher,
42%
Tiefe
42%
tut,
42%
über
42%
verwechsel
42%
Visage
42%
Während
42%
weg
42%
Zwiegespräch,
42%
Arbeitskolleginnen
33%
Auch
33%
Babyfotos
33%
Bälle
33%
Blick,
33%
Cartoon-Gestalter
33%
dabei
33%
doofen
33%
drogenfrei
33%
Drück
33%
einer
33%
Kopfkino
33%
Kritik
33%
meinem
33%
Ostblock-Hure
33%
pralle
33%
Religionen
33%
rot
33%
schickst
33%
Social-Media
33%
sterben",
33%
Straßenschlacht
33%
verträgt
33%
Voyeure
33%
wenn's
33%
werden
33%
bequatschen
25%
Botoxmasken
25%
Chirurg
25%
darf
25%
dir
25%
Genieß
25%
gern
25%
Geschichten
25%
Geschwafel
25%
gibt
25%
hätte
25%
Mimik
25%
nachgeäfft
25%
Nacken,
25%
Notfalls
25%
Oper-Diva
25%
passiert
25%
Plastischen
25%
Powerswitch
25%
Sag-für-immer-Lebewohl-Gesicht,
25%
schiebe
25%
Siegerposen,
25%
Spiegelkabinett
25%
Spiel
25%
verloren
25%
was
25%
Zeit
25%
Zwischendurch
25%
Betroffenheit
17%
Buster-Keaton-Streifen
17%
Fehlerquote
17%
gesacht
17%
Oxford-Studie,
17%
fiesen
8%
jawohl
8%
Kalkschichten
8%
Laberflashs
8%
Ritterburg-Knigge-Kurs
8%
anstatt
0%
halbwissend
0%
zuzuhören
0%
Keine übereinstimmenden Quizze gefunden
Verteilung der Resultate
Anzahl Personen mit jedem Resultat
Perzentil nach korrekt beantworteten Fragen
Ihre Resultats-Entwicklung
Sie haben dieses Quiz noch nicht gespielt